Liput, joissa on vain punaista, sinistä ja valkoista - Statistics

Yleistilastot
  • Tätä visaa on pelattu 195 kertaa
  • Keskiarvotulos 20 / 22
Vastaustilastot
Kuvavisa Vastaus % Oikein
Australia
100%
Islanti
99%
Norja
99%
Ranska
99%
Slovakia
99%
Tšekki
99%
Yhdistynyt kuningaskunta
99%
Yhdysvallat
99%
Alankomaat
97%
Uusi-Seelanti
97%
Venäjä
97%
Nepal
96%
Thaimaa
94%
Pohjois-Korea
91%
Kuuba
89%
Luxemburg
89%
Panama
87%
Chile
86%
Laos
86%
Taiwan
77%
Liberia
69%
Samoa
63%
Ehtoja vastaavia visoja ei löytynyt
Tulosjakauma
Jokaisen tuloksen saaneiden osuus
Persentiili vastausten määrän mukaan
Tuloshistoriasi
Et ole pelannut tätä visaa